Catálogo público

Respuesta productiva y mortalidad por síndrome ascítico de pollos de engorda sometidos a tres alimentos comerciales sin restricción alimenticia / por David Jesús Chan Díazesus Chan Díaz (Record no. 216953)

MARC details
000 -CABECERA
campo de control de longitud fija 00808nam a2200205Ia 4500
001 - NÚMERO DE CONTROL
campo de control Z_5241
008 - DATOS DE LONGITUD FIJA--INFORMACIÓN GENERAL
campo de control de longitud fija 220601s9999 xx 000 0 und d
090 ## - LOCALMENTE ASIGNADO TIPO-LC NÚMERO DE CLASIFICACIÓN (OCLC); NÚMERO DE CLASIFICACIÓN LOCAL (RLIN)
Número de clasificación (OCLC) (R) ; Numero de clasificación, CALL (RLIN) (NR) Tesis C 1859
100 ## - ENTRADA PRINCIPAL--NOMBRE DE PERSONA
Nombre de persona Chan Díaz, David Jesús
9 (RLIN) 21809
245 ## - MENCIÓN DE TÍTULO
Título Respuesta productiva y mortalidad por síndrome ascítico de pollos de engorda sometidos a tres alimentos comerciales sin restricción alimenticia / por David Jesús Chan Díazesus Chan Díaz
260 ## - PUBLICACIÓN, DISTRIBUCIÓN, ETC.
Lugar de publicación, distribución, etc. Chapingo, Méx. : El autor
300 ## - DESCRIPCIÓN FÍSICA
Extensión 29 h.
502 ## - NOTA DE TESIS
Nota de tesis Tesis (Ing. Agr. Esp. en Zootecnia) -- UACH. Departamento de Zootecnia
650 ## - PUNTO DE ACCESO ADICIONAL DE MATERIA--TÉRMINO DE MATERIA
Término de materia o nombre geográfico como elemento de entrada 1. Pollos - Engorda 2. Pollos - Alimentación 3. AscitisÌ
9 (RLIN) 182131
901 ## - ELEMENTOS DE DATOS A LOCAL LDA (RLIN)
a TESIS C 1859
902 ## - ELEMENTOS DE DATOS B LOCAL, LDB (RLIN)
a M
905 ## - ELEMENTOS DE DATOS E LOCAL, LDE (RLIN)
a 0000002005 0000000000 00
942 ## - ELEMENTOS DE PUNTO DE ACCESO ADICIONAL (KOHA)
Tipo de ítem Koha Tesis_
Holdings
Estado de retiro Estado de pérdida Fuente del sistema de clasificación o colocación Estado dañado Restricciones de uso No para préstamo Código de colección Localización permanente Ubicación/localización actual Fecha de adquisición Fuente de adquisición Total de préstamos Signatura topográfica completa Código de barras Fecha visto por última vez Número de copia Precio válido a partir de Tipo de ítem Koha
    Clasificación Universidad Autónoma de Chapingo   Préstamo interno   Tesis Zootecnia Zootecnia 05/06/2009 El autor   Tesis C437 1859 2005 5101003110 02/06/2022 Ej.2 02/06/2022 Tesis
    Clasificación Universidad Autónoma de Chapingo     Excluido de préstamo Tesis Zootecnia Zootecnia 09/11/2005 El autor   Tesis C437 1859 2005 5101003109 02/06/2022 Ej.1 02/06/2022 Tesis